000
00309nam a22001337a 4500
008
170817b xxu||||| |||| 00| 0 eng d
020
_a
0871508796
041
_a
eng
080
_2
6 ED
_a
51
100
_a
36
101
_a
MAT
245
_a
FUNDAMENTALS OF COLLEGE ALGEBRA
_c
SWOKOWSKI.P
942
_2
udc
_c
BK
999
_c
23931
_d
23931